Miasta polskie po ich pomnikach - Statystyki

Ogólne statystyki
  • Ten quiz został rozwiązany 71 razy
  • Średni wynik to 11 z 20
Statystyki odpowiedzi
Obrazkowy Odpowiedź % Poprawnych
Poznań
92%
Kraków
83%
Łódź
82%
Wrocław
80%
Gdynia
78%
Katowice
75%
Toruń
74%
Rzeszów
68%
Bydgoszcz
65%
Szczecin
65%
Bielsko-Biała
63%
Kielce
55%
Opole
54%
Radom
40%
Chorzów
34%
Płock
34%
Sosnowiec
34%
Szczebrzeszyn
25%
Żywiec
9%
Gorlice
6%
Nie znaleziono quizów pasujących do podanych kryteriów
Rozkład punktacji
Procent ludzi z każdym wynikiem
Percentyl według liczby udzielonych odpowiedzi
Twoja historia wyników
Nie rozwiązałeś tego quizu